| 000 | 00423nam a2200157Ia 4500 | ||
|---|---|---|---|
| 008 | 240126s9999 xx 000 0 und d | ||
| 022 | _a0250-4707 | ||
| 041 | _aEnglish | ||
| 082 | _aLIBRARY- J5 | ||
| 245 | 0 | _aIAS Bulletin of Materials Science (2007- | |
| 260 |
_bIndian Academy of Sciences _aBangalore |
||
| 440 | _aNULL | ||
| 650 | _aIAS,Bulletin,Materials,(2007-,Mechanical | ||
| 650 | _aMechanical | ||
| 942 | _cJN | ||
| 999 |
_c282728 _d282728 |
||